[Event "OMA-ch 10th"]
[Site "Muscat"]
[Date "2023.02.18"]
[Round "3"]
[White "Al Zadjali, Abdul Rahman"]
[Black "Al Balushi, Emad"]
[Result "1-0"]
[WhiteElo "1888"]
[BlackElo "1620"]
[PlyCount "41"]
[EventDate "2023.02.16"]
[EventType "swiss"]
[EventRounds "9"]
[EventCountry "OMN"]
[SourceTitle "EXT 2024"]
[Source "ChessBase"]
[SourceDate "2023.10.10"]
[SourceVersion "1"]
[SourceVersionDate "2023.10.10"]
[SourceQuality "1"]

1. d4 d6 2. c4 Nf6 3. Nc3 g6 4. e4 Bg7 5. Bd3 0-0 6. Nge2 e5 7. d5 c6 8. 0-0 Nbd7 9. Bc2 Qc7 10. Rb1 a5 11. a3 cxd5 12. cxd5 Nc5 13. b4 axb4 14. axb4 Na6 15. Nb5 Qb6 16. Bd3 Ng4 17. h3 Nh6 18. Be3 Qd8 19. Qd2 Nf5 20. exf5 gxf5 21. f4 1-0

[Event "OMA-chT Clubs"]
[Site "Muscat"]
[Date "2022.09.02"]
[Round "9.3"]
[White "Al Balushi, Emad"]
[Black "Al Zadjali, Abdul Rahman"]
[Result "0-1"]
[WhiteElo "1617"]
[BlackElo "1698"]
[PlyCount "70"]
[EventDate "2022.08.26"]
[EventType "team-swiss"]
[EventRounds "9"]
[EventCountry "OMN"]
[SourceTitle "EXT 2023"]
[Source "ChessBase"]
[SourceDate "2022.10.05"]
[SourceVersion "1"]
[SourceVersionDate "2022.10.05"]
[SourceQuality "1"]
[WhiteTeam "Quriyat"]
[BlackTeam "Salalah II"]
[WhiteTeamCountry "OMN"]
[BlackTeamCountry "OMN"]

1. Nf3 d5 2. e3 Nf6 3. d4 c6 4. b3 Bg4 5. Be2 e6 6. Ne5 Bxe2 7. Qxe2 Nbd7 8. Nxd7 Qxd7 9. 0-0 Bd6 10. Nd2 Qc7 11. Nf3 0-0 12. Bb2 Ne4 13. c4 Qe7 14. Rac1 Rae8 15. g3 f5 16. Ne5 g5 17. f3 Nf6 18. c5 Bb8 19. b4 g4 20. f4 Bxe5 21. dxe5 Ne4 22. Rc2 h5 23. Kg2 h4 24. Rh1 Rf7 25. Rcc1 Rh7 26. Rcg1 Kg7 27. Qe1 Reh8 28. Bd4 Kg6 29. Rf1 Rh5 30. Rfg1 R8h6 31. a3 Qh7 32. Kf1 hxg3 33. Rxg3 Nxg3+ 34. Qxg3 Rxh2 35. Rxh2 Rxh2 0-1

[Event "OMA-ch"]
[Site "Muscat"]
[Date "2022.02.17"]
[Round "9"]
[White "Al Balushi, Emad"]
[Black "Al Jabri, Rashid"]
[Result "1-0"]
[WhiteElo "1581"]
[BlackElo "1635"]
[PlyCount "58"]
[EventDate "2022.02.10"]
[EventType "swiss"]
[EventRounds "9"]
[EventCountry "OMN"]
[SourceTitle "EXT 2023"]
[Source "ChessBase"]
[SourceDate "2022.10.05"]
[SourceVersion "1"]
[SourceVersionDate "2022.10.05"]
[SourceQuality "1"]

1. d4 d5 2. c4 c6 3. Nc3 Nf6 4. Nf3 dxc4 5. a4 Bf5 6. e3 e6 7. Bxc4 Bb4 8. 0-0 Nbd7 9. Bd3 Bxd3 10. Qxd3 0-0 11. e4 Bxc3 12. bxc3 Nc5 13. Qc2 Ncxe4 14. Re1 Nd6 15. Ne5 h6 16. Re3 Nf5 17. Rh3 Qd5 18. g4 Ne7 19. g5 hxg5 20. Bxg5 Nf5 21. Qe2 Qe4 22. Qd1 Nh7 23. Qh5 Nh6 24. Bxh6 gxh6 25. Qxh6 f6 26. Rg3+ Ng5 27. h4 fxe5 28. Rxg5+ Kf7 29. Rg7+ Ke8 1-0

[Event "OMA-ch"]
[Site "Muscat"]
[Date "2022.02.12"]
[Round "4"]
[White "Al Balushi, Emad"]
[Black "Al Hosni, Khalfan"]
[Result "0-1"]
[WhiteElo "1581"]
[BlackElo "1657"]
[PlyCount "150"]
[EventDate "2022.02.10"]
[EventType "swiss"]
[EventRounds "9"]
[EventCountry "OMN"]
[SourceTitle "EXT 2023"]
[Source "ChessBase"]
[SourceDate "2022.10.05"]
[SourceVersion "1"]
[SourceVersionDate "2022.10.05"]
[SourceQuality "1"]

1. e4 c5 2. Nc3 Nc6 3. Nf3 g6 4. Bb5 Nd4 5. a4 Bg7 6. 0-0 e6 7. d3 Ne7 8. Nxd4 cxd4 9. Ne2 0-0 10. f4 f5 11. e5 d6 12. exd6 Qxd6 13. Bc4 Nd5 14. Kh1 b6 15. Ng1 Bh6 16. Bxd5 Qxd5 17. Qf3 Bb7 18. Qxd5 Bxd5 19. c4 dxc3 20. bxc3 Bg7 21. d4 Rac8 22. Bd2 Rc4 23. Nf3 h6 24. Kg1 Bc6 25. a5 b5 26. Ne5 Bxe5 27. fxe5 Kg7 28. g3 a6 29. Kf2 g5 30. Ke2 Be4 31. h4 Kg6 32. Ke3 Bd5 33. Rab1 Ra4 34. Ra1 Rc4 35. Rab1 Rg8 36. Rb4 Rc7 37. Be1 gxh4 38. gxh4 Kh5 39. Rb2 f4+ 40. Rxf4 Rg1 41. Kd2 Rcg7 42. Rf2 Rh1 43. Re2 Bc4 44. Re3 Rg2+ 45. Kc1 Rgg1 46. Kd2 Rh2+ 47. Kc1 Rxh4 48. Rf2 Rhh1 49. Kd2 Kg6 50. Rg3+ Rxg3 51. Rf6+ Kg7 52. Bxg3 Ra1 53. Bf4 h5 54. Rh6 Rxa5 55. Rxh5 Ra2+ 56. Kc1 a5 57. Rg5+ Kf7 58. Rh5 a4 59. Rh7+ Kg6 60. Ra7 Kf5 61. Bh6 Ke4 62. Bf8 Kd3 63. Bb4 Rc2+ 64. Kd1 Bb3 65. Ke1 Bc4 66. Rh7 Rg2 67. Ra7 Kc2 68. Ra8 Re2+ 69. Kf1 Rxe5+ 70. Kf2 Re2+ 71. Kf3 Kb3 72. Rc8 Ra2 73. Rh8 a3 74. Ke3 Re2+ 75. Kf3 a2 0-1

[Event "OMA-ch"]
[Site "Muscat"]
[Date "2021.09.27"]
[Round "7"]
[White "Al Ansi, Amin Hassan"]
[Black "Al Balushi, Emad"]
[Result "1-0"]
[WhiteElo "1816"]
[BlackElo "1558"]
[PlyCount "69"]
[EventDate "2021.09.22"]
[EventType "swiss"]
[EventRounds "9"]
[EventCountry "OMN"]
[SourceTitle "EXT 2023"]
[Source "ChessBase"]
[SourceDate "2022.10.05"]
[SourceVersion "1"]
[SourceVersionDate "2022.10.05"]
[SourceQuality "1"]

1. e4 d6 2. d4 Nf6 3. Nc3 g6 4. Bg5 Bg7 5. Qd2 a6 6. Bh6 0-0 7. Bxg7 Kxg7 8. 0-0-0 b5 9. f3 Nc6 10. g4 e5 11. d5 Nd4 12. Nce2 Nxe2+ 13. Nxe2 h5 14. gxh5 Nxh5 15. f4 Nxf4 16. Nxf4 exf4 17. Qxf4 Qf6 18. Qg3 Re8 19. Bd3 Re5 20. h4 Rh5 21. Rdf1 Qe5 22. Qf2 f5 23. Be2 Rh8 24. h5 Qxe4 25. Qg3 f4 26. Qc3+ Qe5 27. Qxc7+ Kf6 28. hxg6 Rxh1 29. Qf7+ Kg5 30. Rxh1 Qxe2 31. g7 Bf5 32. g8Q+ Rxg8 33. Qxg8+ Bg6 34. Rg1+ Kh4 35. Qxg6 1-0

[Event "OMA-ch"]
[Site "Muscat"]
[Date "2021.09.24"]
[Round "3"]
[White "Salim Issa, Ali Shamas"]
[Black "Al Balushi, Emad"]
[Result "1/2-1/2"]
[WhiteElo "1888"]
[BlackElo "1558"]
[PlyCount "134"]
[EventDate "2021.09.22"]
[EventType "swiss"]
[EventRounds "9"]
[EventCountry "OMN"]
[SourceTitle "EXT 2023"]
[Source "ChessBase"]
[SourceDate "2022.10.05"]
[SourceVersion "1"]
[SourceVersionDate "2022.10.05"]
[SourceQuality "1"]

1. Nc3 d5 2. d4 c5 3. e3 Nf6 4. Nf3 Bg4 5. Be2 e6 6. h3 Bh5 7. g4 Bg6 8. Ne5 Nfd7 9. Bb5 a6 10. Nxd7 Nxd7 11. Bd3 Bxd3 12. cxd3 cxd4 13. exd4 Bd6 14. Qe2 Bb4 15. Bd2 Nb8 16. Qe5 0-0 17. a3 Nc6 18. Qe3 Bxc3 19. bxc3 e5 20. dxe5 d4 21. cxd4 Nxd4 22. Rc1 Qd5 23. Qe4 Qxe5 24. Qxe5 Nf3+ 25. Ke2 Nxe5 26. Rc7 Rfe8 27. Be3 b5 28. Rhc1 Rad8 29. R1c3 h6 30. Ra7 Ra8 31. Rcc7 Rxa7 32. Rxa7 Re6 33. f4 Nc6 34. Ra8+ Kh7 35. f5 Rd6 36. Bc5 Rd5 37. Bf2 a5 38. Ra6 Ne5 39. Rxa5 Nxd3 40. Be3 Nb2 41. Ra7 f6 42. Bd2 Re5+ 43. Kf3 Nc4 44. Bf4 Re1 45. h4 Ne5+ 46. Bxe5 Rxe5 47. Kf4 Re1 48. g5 hxg5+ 49. hxg5 Rf1+ 50. Kg4 Rg1+ 51. Kf4 fxg5+ 52. Kf3 Rf1+ 53. Kg4 Rg1+ 54. Kh5 Rh1+ 55. Kxg5 Rg1+ 56. Kh5 Rh1+ 57. Kg4 Rg1+ 58. Kf4 Rf1+ 59. Ke5 Re1+ 60. Kd5 Rf1 61. Ke5 Re1+ 62. Kd4 Rf1 63. Ke4 Re1+ 64. Kf3 Rf1+ 65. Kg4 Rg1+ 66. Kh5 Rh1+ 67. Kg5 Rg1+ 1/2-1/2

[Event "OMA-ch"]
[Site "Muscat"]
[Date "2019.12.03"]
[Round "2"]
[White "Musallam Salim, Al Aamri"]
[Black "Al Balushi, Emad"]
[Result "1-0"]
[WhiteElo "1726"]
[BlackElo "1552"]
[PlyCount "51"]
[EventDate "2019.12.02"]
[EventType "swiss"]
[EventRounds "9"]
[EventCountry "OMN"]
[SourceTitle "CBM 195 Extra"]
[Source "ChessBase"]
[SourceDate "2020.05.31"]
[SourceVersion "1"]
[SourceVersionDate "2020.05.31"]
[SourceQuality "1"]

1. d4 Nf6 2. c4 e6 3. Nc3 Bb4 4. Bg5 d5 5. e3 c6 6. Nf3 0-0 7. Bd3 Nbd7 8. Qc2 h6 9. Bh4 Re8 10. 0-0 e5 11. Be2 e4 12. Nd2 Nb6 13. cxd5 cxd5 14. Qb3 Bxc3 15. bxc3 Bd7 16. c4 Ba4 17. Qb4 dxc4 18. Nxc4 Bc6 19. Ne5 Nbd5 20. Qb3 Qb6 21. Qc4 Rac8 22. Bxf6 gxf6 23. Nxc6 Qxc6 24. Qxc6 Rxc6 25. Bb5 Rcc8 26. Ba6 1-0

[Event "OMA-chT"]
[Site "Muscat"]
[Date "2019.02.09"]
[Round "9.8"]
[White "Al Balushi, Emad"]
[Black "Al Mashli, Thabit"]
[Result "1/2-1/2"]
[WhiteElo "1471"]
[BlackElo "1644"]
[PlyCount "101"]
[EventDate "2019.02.02"]
[EventType "team-swiss"]
[EventRounds "9"]
[EventCountry "OMN"]
[SourceTitle "CBM 189 Extra"]
[Source "ChessBase"]
[SourceDate "2019.06.03"]
[SourceVersion "1"]
[SourceVersionDate "2019.06.03"]
[SourceQuality "1"]

1. Nf3 Nc6 2. d4 d5 3. g3 Nf6 4. Bg2 Bf5 5. a3 e6 6. 0-0 Bd6 7. b3 Ne4 8. Bb2 g5 9. c4 h5 10. cxd5 exd5 11. Ne5 h4 12. Nxc6 bxc6 13. Nd2 Qe7 14. Nxe4 Bxe4 15. Bxe4 Qxe4 16. Qd3 Qg4 17. Qf3 Qh3 18. Qg2 Qxg2+ 19. Kxg2 h3+ 20. Kg1 g4 21. f3 f5 22. fxg4 fxg4 23. e4 dxe4 24. Rae1 Rg8 25. Rxe4+ Kd7 26. Rf7+ Kc8 27. Bc1 Kb7 28. Bf4 Raf8 29. Rxf8 Bxf8 30. Re8 Rh8 31. Bh6 Bg7 32. Rxh8 Bxd4+ 33. Be3 Bxh8 34. Kf1 a6 35. Ke2 Kc8 36. Kd3 Be5 37. Bf2 Kd7 38. Ke4 Ke6 39. a4 c5 40. Be1 c6 41. Bf2 Kf6 42. Bg1 Ke6 43. Bf2 Kf6 44. Bg1 Ke6 45. Bf2 Kf6 46. Bg1 Ke6 47. Bf2 a5 48. Bg1 Bd4 49. Bxd4 cxd4 50. Kxd4 Kf5 51. Ke3 1/2-1/2